| 000 | 00985cab a2200277 4500 | ||
|---|---|---|---|
| 001 | WB3004-43 | ||
| 008 | 090401t1994 xxu||||| |||| 00| 0 eng d | ||
| 035 | _a(Sirsi) u58604 | ||
| 041 | _aeng | ||
| 245 | _aLandlords warned of rental loopholes | ||
| 260 | _c1994 | ||
| 350 | _a0 | ||
| 490 |
_aCSW - The Property Week _v46(4) 27 January 1994, 70(1) |
||
| 520 | _aRefers to "Connaught Restaurants v Indoor Leisure" (1993) and "Pretoria Warehousing Co v Shelton" (1993) to illustrate the need in drawing up leases to expressly preclude any counter-claim or set off against rent and the acquisition of an easement through Law of Property Act 1925 s62. | ||
| 650 | _aBUSINESS TENANCIES | ||
| 650 | _aCOUNTERCLAIMS | ||
| 650 | _aDEDUCTIONS | ||
| 650 | _aDRAFTING | ||
| 650 | _aLAW OF PROPERTY ACT 1925 S62 | ||
| 650 | _aRENT | ||
| 650 | _aSET-OFF | ||
| 650 | _aSHOPPING CENTRES | ||
| 690 | _aLANDLORD AND TENANT-BUSINESS TENANCIES | ||
| 942 | _n0 | ||
| 948 | _c04/03/1997 | ||
| 999 |
_c35814 _d35814 |
||